[Event "10th Varna it"]
[Site "Golden Sands BUL"]
[Date "1971.09.??"]
[Round "8"]
[White "Smejkal, Jan"]
[Black "Szilagyi, Gyorgy"]
[Result "1-0"]
[WhiteElo "2515"]
[BlackElo "2370"]
[EventDate "1971.09.02"]
[PlyCount "81"]

1.c4 g6 2.e4 Bg7 3.d4 d6 4.Nc3 e5 5.dxe5 dxe5 6.Qxd8+ Kxd8 7.Bg5+ f6 8.
O-O-O+ Nd7 9.Be3 c6 10.g3 Kc7 11.f4 Nh6 12.h3 Re8 13.Nf3 Nf7 14.f5 Bf8 15.
g4 a6 16.Rh2 b5 17.Rhd2 b4 18.Na4 Nd6 19.Bd3 Nb7 20.Bc2 Ndc5 21.Nxc5 Nxc5 
22.h4 gxf5 23.exf5 h6 24.Rh2 e4 25.Nd4 Nd3+ 26.Bxd3 exd3 27.Rxd3 c5 28.Nb3
h5 29.Bxc5 Bh6+ 30.g5 fxg5 31.Rd6 Bf8 32.Rf6 Bxc5 33.Nxc5 g4 34.Rd2 Re5 
35.Rd5 Re1+ 36.Kd2 Rh1 37.Rf7+ Kb6 38.Nb3 Bb7 39.c5+ Kb5 40.Rxb7+ Kc6 41.
Rdd7 1-0

[Event "10th Varna it"]
[Site "Golden Sands BUL"]
[Date "1971.09.??"]
[Round "8"]
[White "Vasiukov, Evgeny"]
[Black "Nikolic, Stanimir"]
[Result "1-0"]
[WhiteElo "2570"]
[BlackElo "2360"]
[EventDate "1971.09.02"]
[PlyCount "113"]

1. e4 g6 2. d4 Bg7 3. Nf3 d6 4. Nc3 Nf6 5. Be2 O-O 6. O-O Nc6 7. Be3 d5 8. exd5
Nxd5 9. Nxd5 Qxd5 10. c4 Qd6 11. d5 Ne5 12. Nd4 a6 13. Rc1 c5 14. Nb3 b6 15.
Nd2 f5 16. f4 Nf7 17. b4 cxb4 18. c5 bxc5 19. Bxc5 Qf6 20. Nc4 a5 21. Bf3 Ba6
22. Re1 Rac8 23. Ne5 Bb5 24. Nc6 Bxc6 25. dxc6 Rfe8 26. Qb3 Rxc6 27. Bxc6 Qxc6
28. Bxb4 Qb6+ 29. Bc5 Qxb3 30. axb3 e5 31. Bd4 Bh6 32. g3 e4 33. Rc5 Bf8 34.
Rc7 Nd6 35. Be5 Nb5 36. Rb7 Nd6 37. Rd7 Nf7 38. Bd4 Bb4 39. Re2 Rc8 40. Kg2 h5
41. Ra2 Rc6 42. Rb7 Kf8 43. Bb6 Nd6 44. Rb8+ Kf7 45. Bxa5 Bxa5 46. Rxa5 Rc2+
47. Kf1 e3 48. Rb6 Nc8 49. Rb7+ Ke6 50. Re5+ Kd6 51. Rg7 Rxh2 52. Rxg6+ Kd7 53.
Rd5+ Ke7 54. Rc6 Rd2 55. Rxd2 exd2 56. Ke2 Nd6 57. Rxd6 1-0

[Event "10th Varna it"]
[Site "Golden Sands BUL"]
[Date "1971.09.??"]
[Round "9"]
[White "Kirov, Nino"]
[Black "Basman, Michael John"]
[Result "1/2-1/2"]
[WhiteElo "2450"]
[BlackElo "2410"]
[EventDate "1971.09.02"]
[PlyCount "150"]

1. e4 c5 2. Nf3 Nc6 3. d4 cxd4 4. Nxd4 g6 5. c4 Bg7 6. Be3 Nf6 7. Nc3 Qa5 8.
Nb3 Qd8 9. Be2 O-O 10. O-O b6 11. Qd2 Bb7 12. Bh6 Bxh6 13. Qxh6 a5 14. Rad1 a4
15. Nd4 a3 16. Nf3 e5 17. Ng5 Nd4 18. b3 Ne6 19. Nxe6 fxe6 20. Qe3 Qc7 21. f3
Qc5 22. Qxc5 bxc5 23. Na4 Ra5 24. Nc3 Bc6 25. Rd2 g5 26. Nd1 Ne8 27. Ne3 h5 28.
h3 Kf7 29. Bd3 Ke7 30. g3 Nd6 31. h4 gxh4 32. gxh4 Raa8 33. Rg2 Rf4 34. Rg7+
Kf6 35. Rg3 Rxh4 36. Ng2 Rf4 37. Nxf4 exf4 38. Rh3 Rh8 39. Kf2 Ke5 40. Rfh1 Kd4
41. Bb1 Nf7 42. Rh4 Ne5 43. Rxf4 Kc3 44. Ke3 d6 45. Rfh4 Rf8 46. R4h3 Be8 47.
Rc1+ Kb4 48. Rd1 Rg8 49. Rxd6 Rg1 50. Rxe6 Bd7 51. Rxe5 Bxh3 52. Bd3 Re1+ 53.
Kd2 Ra1 54. Bc2 Bg2 55. Re8 Rxa2 56. Rb8+ Ka5 57. Rb5+ Ka6 58. Rxc5 Bxf3 59.
Kc3 Ra1 60. e5 Re1 61. b4 h4 62. Kd2 h3 63. Ra5+ Kb6 64. c5+ Kc6 65. Kxe1 h2
66. Ra6+ Kb5 67. Rb6+ Kc4 68. Rh6 h1=Q+ 69. Rxh1 Bxh1 70. e6 Kc3 71. Bb1 Kxb4
72. e7 Bc6 73. Be4 Kc3 74. Bd5 a2 75. Bxa2 Kd4 1/2-1/2

[Event "10th Varna it"]
[Site "Golden Sands BUL"]
[Date "1971.09.??"]
[Round "9"]
[White "Kolarov, Atanas"]
[Black "Popov, Luben"]
[Result "1/2-1/2"]
[WhiteElo "2435"]
[BlackElo "2460"]
[EventDate "1971.09.02"]
[PlyCount "23"]

1. d4 Nf6 2. c4 c6 3. Nf3 d5 4. Nc3 g6 5. e3 Bg7 6. Bd3 O-O 7. O-O Bf5 8. b3
Nbd7 9. Bb2 Re8 10. Re1 Bxd3 11. Qxd3 dxc4 12. Qxc4 1/2-1/2

[Event "10th Varna it"]
[Site "Golden Sands BUL"]
[Date "1971.09.??"]
[Round "9"]
[White "Nikolic, Stanimir"]
[Black "Damjanovic, Mato"]
[Result "1/2-1/2"]
[WhiteElo "2360"]
[BlackElo "2490"]
[EventDate "1971.09.02"]
[PlyCount "28"]

1. e4 e5 2. Nf3 Nc6 3. Bb5 a6 4. Bxc6 dxc6 5. O-O f6 6. Nc3 Ne7 7. d3 Ng6 8.
Be3 Bd6 9. d4 exd4 10. Nxd4 O-O 11. Qe2 Re8 12. Rad1 Qe7 13. Qc4+ Qf7 14. Qxf7+
Kxf7 1/2-1/2

[Event "10th Varna it"]
[Site "Golden Sands BUL"]
[Date "1971.09.??"]
[Round "9"]
[White "Padevsky, Nikola"]
[Black "Smejkal, Jan"]
[Result "1/2-1/2"]
[WhiteElo "2460"]
[BlackElo "2515"]
[EventDate "1971.09.02"]
[PlyCount "72"]

1. e4 c5 2. Nf3 Nc6 3. d4 cxd4 4. Nxd4 g6 5. c4 Nf6 6. Nc3 d6 7. Be2 Nxd4 8.
Qxd4 Bg7 9. Be3 O-O 10. Qd2 Be6 11. f3 a6 12. Rc1 Qa5 13. Nd5 Qxd2+ 14. Kxd2
Bxd5 15. cxd5 Rfc8 16. Rxc8+ Rxc8 17. Rc1 Rxc1 18. Kxc1 Kf8 19. b4 Nd7 20. Kc2
Ke8 21. a4 h5 22. a5 Bf6 23. g3 Kd8 24. f4 Kc7 25. Bf1 Kd8 26. Bh3 Kc7 27. Kd3
Kd8 28. Bd4 Bxd4 29. Kxd4 Nf6 30. Bg2 Ng4 31. h3 Nh6 32. Bf3 Ng8 33. e5 Nh6 34.
g4 hxg4 35. hxg4 f6 36. e6 g5 1/2-1/2

[Event "10th Varna it"]
[Site "Golden Sands BUL"]
[Date "1971.09.??"]
[Round "9"]
[White "Peev, Peicho"]
[Black "Minev, Nikolai"]
[Result "1-0"]
[WhiteElo "2400"]
[BlackElo "2455"]
[EventDate "1971.09.02"]
[PlyCount "146"]

1.d4 Nf6 2.c4 e6 3.Nf3 Bb4+ 4.Nbd2 O-O 5.a3 Be7 6.b4 d5 7.e3 b6 8.Qc2 c5 
9.b5 a6 10.dxc5 bxc5 11.Bb2 Nbd7 12.a4 Bb7 13.Be2 dxc4 14.O-O axb5 15.axb5
Qc7 16.Nxc4 Rxa1 17.Rxa1 Ra8 18.Rxa8+ Bxa8 19.Qa4 Bd5 20.Nfe5 Nxe5 21.Bxe5
Qb7 22.Qa6 Bxg2 23.Qxb7 Bxb7 24.Na5 Bd5 25.b6 Nd7 26.Bc7 c4 27.Bxc4 Bb4 
28.Bb5 Bxa5 29.Bxd7 Bb7 30.Kf1 Ba6+ 31.Kg2 Bb7+ 32.f3 g5 33.Kf2 h5 34.e4 
g4 35.fxg4 hxg4 36.Ke3 Kh7 37.Kd4 Kg6 38.Be8 Bd2 39.Bg3 Ba8 40.e5 Bb7 41.
Kc5 Be3+ 42.Kb5 Bf3 43.Ka6 Bd4 44.Bb5 Be4 45.b7 Bxb7+ 46.Kxb7 f6 47.Bd3+ 
Kg5 48.exf6 Bxf6 49.Kc6 Bd4 50.Kd6 e5 51.Kd5 Bc3 52.Ke4 Bd4 53.Bf1 Bc3 54.
Bg2 Bd4 55.Kd3 Kh5 56.Bc6 Kg5 57.Bd7 Kh5 58.Ke2 Kg5 59.Kf1 Bc3 60.Kg2 Kh5 
61.Bf2 Bd2 62.Bc5 Kh4 63.Bd6 Bf4 64.Be6 Kh5 65.Bf7+ Kg5 66.Be8 Kh4 67.Bc7 
Kg5 68.Bd8+ Kh6 69.Bf6 e4 70.Bh4 Bd2 71.Bc6 Kh5 72.Bg3 e3 73.Kf1 Ba5 1-0

[Event "10th Varna it"]
[Site "Golden Sands BUL"]
[Date "1971.09.??"]
[Round "9"]
[White "Radulov, Ivan"]
[Black "Gheorghiu, Florin"]
[Result "1/2-1/2"]
[WhiteElo "2485"]
[BlackElo "2530"]
[EventDate "1971.09.02"]
[PlyCount "40"]

1. e4 c5 2. Nf3 e6 3. d4 cxd4 4. Nxd4 a6 5. Nc3 Qc7 6. Bd3 Nc6 7. Be3 b5 8. O-O
Bb7 9. a3 Nf6 10. Kh1 Nxd4 11. Bxd4 Bc5 12. Bxc5 Qxc5 13. f4 d6 14. Qe2 e5 15.
fxe5 dxe5 16. a4 b4 17. Nb1 O-O 18. Nd2 a5 19. b3 Ne8 20. Nc4 Nd6 1/2-1/2

[Event "10th Varna it"]
[Site "Golden Sands BUL"]
[Date "1971.09.??"]
[Round "9"]
[White "Spasov, Luben"]
[Black "Bobotsov, Milko"]
[Result "1/2-1/2"]
[WhiteElo "2420"]
[BlackElo "2485"]
[EventDate "1971.09.02"]
[PlyCount "71"]

1. e4 c5 2. Nf3 Nc6 3. d4 cxd4 4. Nxd4 Qc7 5. Nc3 e6 6. g3 a6 7. Bg2 Nf6 8. O-O
d6 9. Re1 Bd7 10. Nxc6 bxc6 11. Na4 Rb8 12. c4 c5 13. Nc3 Be7 14. e5 dxe5 15.
Rxe5 O-O 16. Re2 Rbd8 17. Bf4 Qc8 18. Rd2 Bc6 19. Bxc6 Qxc6 20. Qe2 Rxd2 21.
Bxd2 Rd8 22. Rd1 h6 23. Bf4 Rxd1+ 24. Qxd1 Nd7 25. b3 g5 26. Be3 Ne5 27. f4
Nf3+ 28. Kf2 g4 29. h3 h5 30. hxg4 hxg4 31. Qh1 f5 32. Qh6 Qd7 33. Qg6+ Kf8 34.
Qh6+ Kg8 35. Qg6+ Kf8 36. Qh6+ 1/2-1/2

[Event "10th Varna it"]
[Site "Golden Sands BUL"]
[Date "1971.09.??"]
[Round "9"]
[White "Szilagyi, Gyorgy"]
[Black "Vasiukov, Evgeny"]
[Result "1/2-1/2"]
[WhiteElo "2370"]
[BlackElo "2570"]
[EventDate "1971.09.02"]
[PlyCount "135"]

1. d4 d5 2. c4 Nc6 3. cxd5 Qxd5 4. Nf3 e5 5. Nc3 Bb4 6. Bd2 Bxc3 7. Bxc3 e4 8.
Nd2 e3 9. fxe3 Nf6 10. e4 Nxe4 11. Nxe4 Qxe4 12. Qb1 Bf5 13. Qxe4+ Bxe4 14. e3
Ne7 15. Bc4 Nf5 16. O-O Nd6 17. Bb3 a5 18. Rac1 O-O 19. Be1 c6 20. Bg3 Nf5 21.
Bf4 a4 22. Bd1 Rfe8 23. Bg4 Ne7 24. Be2 h6 25. a3 Nf5 26. g4 Nh4 27. Rc3 g5 28.
Bg3 Ng6 29. Bc4 Re7 30. Kf2 Kg7 31. Ke2 Rae8 32. Kd2 Rd7 33. Be2 f6 34. Bd1 Ne7
35. Bxa4 Nd5 36. Rcc1 Rde7 37. Rce1 Bg2 38. Rg1 Bf3 39. Bf2 Re4 40. h3 R4e7 41.
Bc2 b5 42. Bf5 Nb6 43. Bd3 Nc4+ 44. Bxc4 bxc4 45. e4 Rb7 46. Kc1 Rxe4 47. Rg3
Be2 48. a4 Bd3 49. Rxe4 Bxe4 50. Ra3 Bd5 51. a5 Ra7 52. Bg3 Ra6 53. Bc7 Kg6 54.
Kd2 h5 55. Rg3 Ra8 56. Ke2 hxg4 57. hxg4 Be6 58. Kf2 Bc8 59. Rg1 Ra7 60. Bb6
Rh7 61. Rc1 Rh2+ 62. Kg3 Rxb2 63. Rxc4 Rb3+ 64. Kf2 Bd7 65. Ra4 c5 66. Rc4 cxd4
67. Rxd4 Bc8 68. Bd8 1/2-1/2

[Event "10th Varna it"]
[Site "Golden Sands BUL"]
[Date "1971.09.??"]
[Round "10"]
[White "Basman, Michael John"]
[Black "Kolarov, Atanas"]
[Result "0-1"]
[WhiteElo "2410"]
[BlackElo "2435"]
[EventDate "1971.09.02"]
[PlyCount "88"]

1.e4 e5 2.f4 exf4 3.Nf3 d6 4.b3 Be7 5.Bb2 Bf6 6.d4 g5 7.e5 Bg7 8.Qe2 d5 9.
Nc3 h6 10.e6 Bxe6 11.Qb5+ Nd7 12.Qxb7 Ne7 13.O-O-O O-O 14.Nb5 Rc8 15.Bd3 
c6 16.Nd6 Rc7 17.Qb4 a5 18.Qxa5 Qb8 19.a3 Ra7 20.Qb4 Qa8 21.h4 g4 22.Ng5 
hxg5 23.hxg5 Ng6 24.Qe1 Re8 25.Nxe8 Qxe8 26.a4 Qe7 27.Rh5 Ndf8 28.Qc3 Qd6 
29.Rdh1 f3 30.gxf3 gxf3 31.Kb1 Bg4 32.R5h2 Ne6 33.Bxg6 fxg6 34.Qe1 Bh5 35.
Ba3 Qd7 36.Qb4 Rb7 37.Qd2 Nxd4 38.Bb2 Ne2 39.Bf6 Qf5 40.Qe3 Rf7 41.Bxg7 
Kxg7 42.Rf2 Ng3 43.Rh4 Ne4 44.Rf1 Qe5 0-1

[Event "10th Varna it"]
[Site "Golden Sands BUL"]
[Date "1971.09.??"]
[Round "10"]
[White "Bobotsov, Milko"]
[Black "Gheorghiu, Florin"]
[Result "1/2-1/2"]
[WhiteElo "2485"]
[BlackElo "2530"]
[EventDate "1971.09.02"]
[PlyCount "40"]

1. d4 d5 2. c4 e6 3. Nc3 Be7 4. cxd5 exd5 5. Nf3 Nf6 6. Bg5 c6 7. e3 Bf5 8. Bd3
Bxd3 9. Bxf6 Bxf6 10. Qxd3 a5 11. O-O O-O 12. Qc2 Nd7 13. a3 Be7 14. Na4 Re8
15. Rfe1 b5 16. Nc3 Bd6 17. Rac1 Nf6 18. a4 b4 19. Ne2 Rc8 20. Ng3 g6 1/2-1/2

[Event "10th Varna it"]
[Site "Golden Sands BUL"]
[Date "1971.09.??"]
[Round "10"]
[White "Damjanovic, Mato"]
[Black "Szilagyi, Gyorgy"]
[Result "1-0"]
[WhiteElo "2490"]
[BlackElo "2370"]
[EventDate "1971.09.02"]
[PlyCount "67"]

1. e4 c5 2. Nf3 Nc6 3. d4 cxd4 4. Nxd4 g6 5. c4 Bg7 6. Be3 Nf6 7. Nc3 Ng4 8.
Qxg4 Nxd4 9. Qd1 Ne6 10. Rc1 b6 11. Be2 Bb7 12. f3 O-O 13. O-O f5 14. exf5 gxf5
15. f4 Rc8 16. b4 Rf7 17. Bh5 Rxc4 18. Bxf7+ Kxf7 19. Qd3 Rxc3 20. Rxc3 Be4 21.
Qd2 Bxc3 22. Qxc3 Qg8 23. Rf2 Qg4 24. h3 Qg3 25. Qd2 d5 26. Bd4 h5 27. Be5 Qa3
28. Re2 a5 29. Re3 Qxb4 30. Qe2 Ke8 31. Qxh5+ Kd7 32. Rg3 Nd4 33. Rg8 Nf3+ 34.
gxf3 1-0

[Event "10th Varna it"]
[Site "Golden Sands BUL"]
[Date "1971.09.??"]
[Round "10"]
[White "Minev, Nikolai"]
[Black "Radulov, Ivan"]
[Result "1/2-1/2"]
[WhiteElo "2455"]
[BlackElo "2485"]
[EventDate "1971.09.02"]
[PlyCount "31"]

1. e4 e5 2. Nf3 Nc6 3. Bb5 a6 4. Ba4 Nf6 5. O-O Be7 6. Bxc6 dxc6 7. d3 Nd7 8.
Nbd2 O-O 9. Nc4 f6 10. Nh4 Nc5 11. Nf5 Bxf5 12. exf5 Qd7 13. Qg4 b6 14. h3 Nb7
15. Bd2 Nd6 16. Ne3 1/2-1/2

[Event "10th Varna it"]
[Site "Golden Sands BUL"]
[Date "1971.09.??"]
[Round "10"]
[White "Smejkal, Jan"]
[Black "Kirov, Nino"]
[Result "1-0"]
[WhiteElo "2515"]
[BlackElo "2450"]
[EventDate "1971.09.02"]
[PlyCount "71"]

1. d4 d5 2. c4 c6 3. Nf3 Nf6 4. Nc3 e6 5. Bg5 h6 6. Bxf6 Qxf6 7. e3 Nd7 8. Qb3
Qd8 9. Rd1 Qa5 10. a3 Nf6 11. Bd3 Bd6 12. O-O O-O 13. e4 dxe4 14. Nxe4 Nxe4 15.
Bxe4 e5 16. c5 Bc7 17. Bb1 Bg4 18. Qxb7 Bxf3 19. gxf3 Rab8 20. Qxc6 Rxb2 21. d5
Rb5 22. Rc1 Bd8 23. d6 Bg5 24. Rc4 Bf4 25. Rd1 Rb2 26. Rb4 Rxb4 27. axb4 Qd8
28. Kf1 f5 29. d7 e4 30. fxe4 Bg5 31. e5 Qe7 32. Ba2+ Kh8 33. Qd6 Qd8 34. c6 f4
35. c7 Qa8 36. Bd5 1-0

[Event "10th Varna it"]
[Site "Golden Sands BUL"]
[Date "1971.09.??"]
[Round "10"]
[White "Spasov, Luben"]
[Black "Nikolic, Stanimir"]
[Result "0-1"]
[WhiteElo "2420"]
[BlackElo "2360"]
[EventDate "1971.09.02"]
[PlyCount "86"]

1. d4 g6 2. c4 Bg7 3. Nc3 d6 4. Nf3 Nc6 5. d5 Nb8 6. e4 Nd7 7. Be2 Ngf6 8. Bg5
h6 9. Be3 c5 10. h3 a6 11. a4 g5 12. h4 g4 13. Nh2 h5 14. Nf1 Ne5 15. Ng3 Bd7
16. O-O Ng6 17. Bg5 Nh7 18. Nxh5 Bxc3 19. Bh6 Be5 20. g3 Qc7 21. Ng7+ Bxg7 22.
Bxg7 Rg8 23. Bc3 Nf6 24. Qc2 a5 25. Kg2 Ne5 26. Rae1 b6 27. b3 O-O-O 28. Rh1
Nh5 29. Bd1 Rdf8 30. Re3 Rg6 31. Rhe1 Qd8 32. Qb2 f6 33. Qd2 Rfg8 34. Qb2 Kb7
35. Be2 Qc7 36. Rb1 Nf3 37. Bxf3 gxf3+ 38. Rxf3 Rg4 39. b4 cxb4 40. Bxb4 axb4
41. Rb3 Nxg3 42. fxg3 Qxc4 43. Kh2 Rxe4 0-1

[Event "10th Varna it"]
[Site "Golden Sands BUL"]
[Date "1971.09.??"]
[Round "10"]
[White "Vasiukov, Evgeny"]
[Black "Padevsky, Nikola"]
[Result "1-0"]
[WhiteElo "2570"]
[BlackElo "2460"]
[EventDate "1971.09.02"]
[PlyCount "99"]

1.e4 c6 2.d4 d5 3.exd5 cxd5 4.c4 Nf6 5.Nc3 e6 6.Nf3 Nc6 7.c5 Ne4 8.Qc2 f5 
9.Bb5 Bd7 10.O-O Be7 11.Bxc6 bxc6 12.Bf4 O-O 13.b4 Be8 14.a4 Qc8 15.Rfb1 
a6 16.Ne1 Bf6 17.Ne2 Bd7 18.Nd3 Ng5 19.Ne5 Nf7 20.Nxf7 Rxf7 21.Qd2 Be8 22.
Re1 Rb7 23.Rab1 Qd8 24.Nc3 Bd7 25.h3 Qc8 26.Rb2 Be8 27.Qe3 Bd7 28.Bd6 Qe8 
29.Reb1 Rc8 30.Ne2 Qf7 31.Rb3 Ra8 32.f4 Be8 33.Nc1 Qd7 34.Nd3 Bf7 35.Kh2 
Be8 36.Re1 Bf7 37.Be5 Be7 38.Qg3 Bf8 39.Rb2 Kh8 40.Rc1 Rc8 41.Rc3 Bg8 42.
Ra3 Bf7 43.b5 axb5 44.axb5 Rxb5 45.Rxb5 cxb5 46.Nb4 Be8 47.Ra6 Qf7 48.Qa3 
Qg6 49.Qe3 Qf7 50.Rxe6 1-0

[Event "10th Varna it"]
[Site "Golden Sands BUL"]
[Date "1971.09.??"]
[Round "11"]
[White "Gheorghiu, Florin"]
[Black "Minev, Nikolai"]
[Result "1/2-1/2"]
[WhiteElo "2530"]
[BlackElo "2455"]
[EventDate "1971.09.02"]
[PlyCount "90"]

1. Nf3 Nf6 2. c4 e6 3. Nc3 d5 4. d4 c6 5. e3 a6 6. Qc2 c5 7. dxc5 Bxc5 8. a3
dxc4 9. Bxc4 O-O 10. O-O Nbd7 11. Bd3 Qc7 12. b4 Bd6 13. Bb2 b5 14. Ne4 Qxc2
15. Bxc2 Be7 16. Nxf6+ Nxf6 17. Ne5 Bb7 18. Bd4 Rfc8 19. Bd3 a5 20. Bxb5 axb4
21. axb4 Bxb4 22. Rxa8 Rxa8 23. Rb1 Bd6 24. Nc4 Bc7 25. f3 Rd8 26. Ra1 Ra8 27.
Rxa8+ Bxa8 28. e4 Bb7 29. g3 h6 30. Kf2 Nh7 31. Bc5 Nf8 32. Nd6 Bxd6 33. Bxd6
Bc8 34. Ke3 Bd7 35. Bc4 g5 36. f4 gxf4+ 37. Bxf4 Kg7 38. Kd4 Ng6 39. Kc5 Nxf4
40. gxf4 Ba4 41. Bd3 Bd1 42. Kd6 Kf8 43. f5 exf5 44. exf5 f6 45. Ke6 Kg7
1/2-1/2

[Event "10th Varna it"]
[Site "Golden Sands BUL"]
[Date "1971.09.??"]
[Round "11"]
[White "Kirov, Nino"]
[Black "Vasiukov, Evgeny"]
[Result "0-1"]
[WhiteElo "2450"]
[BlackElo "2570"]
[EventDate "1971.09.02"]
[PlyCount "76"]

1.e4 Nf6 2.Nc3 d5 3.e5 Nfd7 4.Nxd5 Nxe5 5.Ne3 Nbc6 6.Bb5 a6 7.Ba4 b5 8.Bb3
e6 9.Nf3 Nxf3+ 10.Qxf3 Bb7 11.O-O Be7 12.d3 Rb8 13.Qh5 Nd4 14.Bd2 g6 15.
Qd1 h5 16.Bc3 c5 17.Re1 Bf6 18.Bxd4 Bxd4 19.c3 Bg7 20.Qe2 Qg5 21.Rad1 O-O 
22.f3 Kh8 23.Kh1 Rfd8 24.Nf1 a5 25.a3 a4 26.Ba2 b4 27.axb4 cxb4 28.d4 Rbc8
29.cxb4 Rxd4 30.Rxd4 Bxd4 31.Qd1 Bf2 32.Bxe6 fxe6 33.Rxe6 Bd5 34.Rd6 Rc1 
35.Qd3 Bc4 36.Rd8+ Kg7 37.Qd7+ Bf7 38.Qb5 Qxb5 0-1

[Event "10th Varna it"]
[Site "Golden Sands BUL"]
[Date "1971.09.??"]
[Round "11"]
[White "Kolarov, Atanas"]
[Black "Smejkal, Jan"]
[Result "1/2-1/2"]
[WhiteElo "2435"]
[BlackElo "2515"]
[EventDate "1971.09.02"]
[PlyCount "81"]

1. Nf3 g6 2. g3 Bg7 3. Bg2 Nf6 4. d4 O-O 5. O-O d5 6. Nbd2 Nc6 7. c3 Re8 8. Re1
e5 9. Nxe5 Nxe5 10. dxe5 Rxe5 11. Nf3 Re8 12. Bf4 c6 13. Qb3 Ne4 14. Be3 Qe7
15. Rad1 b6 16. Nd2 Bf5 17. Nxe4 Bxe4 18. Bh3 c5 19. Rd2 h5 20. Qa4 Rad8 21.
Red1 h4 22. Bg4 hxg3 23. hxg3 Be5 24. Bf3 Bxf3 25. exf3 Bxg3 26. Rxd5 Rxd5 27.
Rxd5 Bb8 28. Qg4 Kg7 29. Qd7 Qf8 30. Kg2 Re6 31. Qd8 Bd6 32. Qxf8+ Kxf8 33. c4
Ke7 34. b3 Be5 35. Kf1 Bg7 36. Ke2 Bd4 37. Kd3 Be5 38. Ke2 Bd4 39. Kd3 Bxe3 40.
fxe3 f5 41. f4 1/2-1/2

[Event "10th Varna it"]
[Site "Golden Sands BUL"]
[Date "1971.09.??"]
[Round "11"]
[White "Nikolic, Stanimir"]
[Black "Bobotsov, Milko"]
[Result "1-0"]
[WhiteElo "2360"]
[BlackElo "2485"]
[EventDate "1971.09.02"]
[PlyCount "95"]

1.e4 c5 2.Nf3 Nc6 3.d4 cxd4 4.Nxd4 e6 5.Nb5 d6 6.c4 a6 7.N5a3 Nf6 8.Nc3 
Be7 9.Be2 O-O 10.O-O Bd7 11.Bf4 Ne5 12.Re1 Bc6 13.Bf1 Ng6 14.Bg3 Qb6 15.
Rb1 Rfd8 16.b4 Qa7 17.Bd3 Bf8 18.Qe2 d5 19.e5 Ne8 20.cxd5 Bxd5 21.Nxd5 
Rxd5 22.Be4 Rd7 23.Nc4 Rad8 24.a3 Nc7 25.Qf3 Nd5 26.h4 Be7 27.h5 Nf8 28.
Rbd1 Nb6 29.Rxd7 Rxd7 30.Nd6 Bxd6 31.exd6 Nc4 32.Qd3 b5 33.Bc6 Rd8 34.h6 
Qb6 35.Qe4 Ng6 36.Rd1 gxh6 37.a4 e5 38.a5 Qb8 39.d7 Kg7 40.Rd3 f6 41.Qd5 
h5 42.Qe6 Qc7 43.Be4 Kh6 44.Qxf6 Nb2 45.Bxg6 hxg6 46.Rd6 Qc1+ 47.Kh2 Qg5 
48.Bxe5 1-0

[Event "10th Varna it"]
[Site "Golden Sands BUL"]
[Date "1971.09.??"]
[Round "11"]
[White "Padevsky, Nikola"]
[Black "Damjanovic, Mato"]
[Result "1/2-1/2"]
[WhiteElo "2460"]
[BlackElo "2490"]
[EventDate "1971.09.02"]
[PlyCount "31"]

1. d4 Nf6 2. c4 e6 3. Nf3 b6 4. g3 Bb7 5. Bg2 Be7 6. O-O O-O 7. Nc3 Ne4 8. Bd2
d5 9. cxd5 exd5 10. Ne5 Nd7 11. Nxd7 Qxd7 12. Qc2 f5 13. Bf4 Rac8 14. Be5 Bf6
15. Bxf6 Rxf6 16. Rad1 1/2-1/2

[Event "10th Varna it"]
[Site "Golden Sands BUL"]
[Date "1971.09.??"]
[Round "11"]
[White "Peev, Peicho"]
[Black "Basman, Michael John"]
[Result "0-1"]
[WhiteElo "2400"]
[BlackElo "2410"]
[EventDate "1971.09.02"]
[PlyCount "54"]

1.d4 d5 2.c4 e6 3.Nc3 dxc4 4.Nf3 Nd7 5.Qa4 Ne7 6.Qxc4 c5 7.Bg5 f6 8.Bd2 
Nb6 9.Qxc5 Ned5 10.Qb5+ Bd7 11.Qd3 Be7 12.e4 Nb4 13.Qb1 O-O 14.a3 Nc6 15.
Be2 Be8 16.Be3 f5 17.Qd1 f4 18.Bc1 Bh5 19.Ne5 Bxe2 20.Nxe2 Nxe5 21.dxe5 
Qxd1+ 22.Kxd1 f3 23.gxf3 Rxf3 24.Be3 Nc4 25.Bd4 Rd8 26.Ke1 Bh4 27.Kf1 Rxd4
0-1

[Event "10th Varna it"]
[Site "Golden Sands BUL"]
[Date "1971.09.??"]
[Round "11"]
[White "Radulov, Ivan"]
[Black "Popov, Luben"]
[Result "1/2-1/2"]
[WhiteElo "2485"]
[BlackElo "2460"]
[EventDate "1971.09.02"]
[PlyCount "130"]

1. e4 c5 2. Nf3 e6 3. d4 cxd4 4. Nxd4 a6 5. Nc3 Qc7 6. Bd3 Nc6 7. Be3 Nf6 8.
O-O Bd6 9. h3 Bf4 10. Qd2 Bxe3 11. Qxe3 Nxd4 12. Qxd4 e5 13. Qc4 Qxc4 14. Bxc4
d6 15. f4 exf4 16. Rxf4 Be6 17. Bxe6 fxe6 18. e5 dxe5 19. Rc4 O-O 20. Re1 Rac8
21. Rb4 b5 22. Rxe5 Rc6 23. Rd4 Rf7 24. Rd8+ Rf8 25. Rd2 Rfc8 26. a3 R8c7 27.
Re3 Kf7 28. Kf2 h6 29. Ke1 Ke7 30. a4 Rb7 31. axb5 axb5 32. Na2 b4 33. Nc1 Rd6
34. Nd3 Rb5 35. b3 Ra6 36. Ne5 Nd5 37. Kf2 Nc3 38. Re1 Rd5 39. Rxd5 Nxd5 40.
Re4 Kd6 41. Nd3 Rb6 42. Kf3 Rb8 43. Rc4 g5 44. Ke4 h5 45. g3 Rf8 46. Rd4 Rb8
47. Ne5 Rf8 48. Nd3 Rb8 49. Kf3 e5 50. Rc4 Rb7 51. Ke4 h4 52. gxh4 Rh7 53. Nxe5
Rxh4+ 54. Ng4 Nf6+ 55. Kf5 Nd5 56. Ke4 Nf6+ 57. Kf5 Nd5 58. Nf2 Rxc4 59. bxc4
Ne3+ 60. Kxg5 Nxc2 61. Nd3 b3 62. h4 Ne1 63. Nb2 Nf3+ 64. Kg4 Nxh4 65. Kxh4 Kc5
1/2-1/2

[Event "10th Varna it"]
[Site "Golden Sands BUL"]
[Date "1971.09.??"]
[Round "11"]
[White "Szilagyi, Gyorgy"]
[Black "Spasov, Luben"]
[Result "0-1"]
[WhiteElo "2370"]
[BlackElo "2420"]
[EventDate "1971.09.02"]
[PlyCount "28"]

1.d4 Nf6 2.Nf3 e6 3.Bg5 c5 4.dxc5 Bxc5 5.e3 O-O 6.a3 b6 7.Nc3 Bb7 8.Bd3 d5
9.O-O Be7 10.Re1 Nbd7 11.Qe2 Nc5 12.Rad1 Rc8 13.e4 Nfxe4 14.Nxe4 Nxe4 0-1

[Event "10th Varna it"]
[Site "Golden Sands BUL"]
[Date "1971.09.??"]
[Round "12"]
[White "Basman, Michael John"]
[Black "Radulov, Ivan"]
[Result "0-1"]
[WhiteElo "2410"]
[BlackElo "2485"]
[EventDate "1971.09.02"]
[PlyCount "143"]

1. e4 c5 2. Nf3 Nc6 3. c3 Nf6 4. Qe2 e5 5. g3 d5 6. d3 c4 7. exd5 cxd3 8. Qxd3
e4 9. Qc4 Qxd5 10. Ng5 Qxc4 11. Bxc4 Ne5 12. Bb5+ Bd7 13. Bxd7+ Kxd7 14. Nd2
Re8 15. O-O Bc5 16. Ndxe4 Nxe4 17. Nxe4 Nf3+ 18. Kg2 Nh4+ 19. gxh4 Rxe4 20. Kf3
Rxh4 21. Bf4 Bd6 22. Bg3 Rh6 23. Rad1 Re8 24. Rd2 Rf6+ 25. Kg2 Kc6 26. Rfd1
Bxg3 27. hxg3 Re4 28. b3 a5 29. a4 h5 30. Rc2 Rd6 31. Rxd6+ Kxd6 32. Rd2+ Kc6
33. Rd8 g6 34. Rc8+ Kb6 35. Kf3 Re6 36. Rd8 Rc6 37. Rd3 Kc7 38. Kg2 Rb6 39. c4
Rd6 40. Re3 Re6 41. Rd3 f6 42. f4 Rd6 43. Re3 Rd2+ 44. Kf3 Kd6 45. Re8 Rd3+ 46.
Ke4 Rxg3 47. Rf8 Ke6 48. Re8+ Kf7 49. Rc8 Rxb3 50. f5 gxf5+ 51. Kxf5 Re3 52.
Kf4 Re5 53. Rc7+ Re7 54. Rc5 Re5 55. Rc7+ Kg6 56. c5 h4 57. Rc8 Rh5 58. Rg8+
Kf7 59. Rb8 Rxc5 60. Kg4 Ke6 61. Kxh4 Rc4+ 62. Kh5 Rb4 63. Kg6 Kd7 64. Kxf6 Kc7
65. Rg8 Rxa4 66. Ke5 Kc6 67. Rc8+ Kb5 68. Rc1 Rb4 69. Kd5 b6 70. Ra1 a4 71. Kd6
Rb2 72. Kc7 0-1

[Event "10th Varna it"]
[Site "Golden Sands BUL"]
[Date "1971.09.??"]
[Round "12"]
[White "Bobotsov, Milko"]
[Black "Minev, Nikolai"]
[Result "1/2-1/2"]
[WhiteElo "2485"]
[BlackElo "2455"]
[EventDate "1971.09.02"]
[PlyCount "35"]

1. c4 Nf6 2. Nc3 e6 3. Nf3 b6 4. g3 Bb7 5. Bg2 Be7 6. O-O O-O 7. b3 d5 8. e3 c5
9. Bb2 Nc6 10. cxd5 Nxd5 11. Nxd5 Qxd5 12. d4 Na5 13. Nh4 Qd8 14. Bxb7 Nxb7 15.
Nf3 Rc8 16. Qe2 Rc7 17. Rfd1 Qc8 18. Rac1 1/2-1/2

[Event "10th Varna it"]
[Site "Golden Sands BUL"]
[Date "1971.09.??"]
[Round "12"]
[White "Damjanovic, Mato"]
[Black "Kirov, Nino"]
[Result "1/2-1/2"]
[WhiteElo "2490"]
[BlackElo "2450"]
[EventDate "1971.09.02"]
[PlyCount "29"]

1. e4 c5 2. Nf3 d6 3. d4 cxd4 4. Nxd4 Nf6 5. Nc3 e6 6. Be2 Nc6 7. Be3 Be7 8.
O-O O-O 9. Kh1 Bd7 10. f4 Nxd4 11. Bxd4 Bc6 12. Bd3 Nd7 13. Qe2 e5 14. Be3 exf4
15. Bxf4 1/2-1/2

[Event "10th Varna it"]
[Site "Golden Sands BUL"]
[Date "1971.09.??"]
[Round "12"]
[White "Nikolic, Stanimir"]
[Black "Szilagyi, Gyorgy"]
[Result "1-0"]
[WhiteElo "2360"]
[BlackElo "2370"]
[EventDate "1971.09.02"]
[PlyCount "53"]

1. e4 c5 2. Nf3 d6 3. Bc4 Nf6 4. d3 Nc6 5. Nbd2 e6 6. a3 Be7 7. O-O O-O 8. Ba2
Qc7 9. Re1 Rd8 10. c3 d5 11. e5 Nd7 12. d4 Nf8 13. Nf1 b6 14. Ng3 Bd7 15. Ng5
Be8 16. Qg4 Rd7 17. Nh5 Ng6 18. Bb1 Nd8 19. Bd3 c4 20. Bc2 b5 21. Re3 Bxg5 22.
Qxg5 Nc6 23. Rh3 Ncxe5 24. dxe5 Qxe5 25. Qxe5 Nxe5 26. f4 Ng4 27. Bxh7+ 1-0